[Event "19. Wch 2009 Veteranos"]
[Site "Condino ITA"]
[Date "2009.11.07"]
[Round "11.1"]
[White "Cebalo, Miso"]
[Black "Jacobsen, Bo"]
[Result "1/2-1/2"]
[WhiteElo "2500"]
[BlackElo "2321"]
[PlyCount "31"]
[EventDate "2009.10.27"]
[EventType "swiss"]
[EventRounds "11"]
[EventCountry "ITA"]
[Source "lmi"]
[SourceDate "2009.10.27"]

1. d4 Nf6 2. c4 c5 3. d5 e5 4. Nc3 d6 5. e4 Nbd7 6. g3 Be7 7. h4 h5 8. Bh3 Nf8
9. Kf1 Ng6 10. Kg2 a6 11. a4 b6 12. Qe2 Rb8 13. Bd2 Bg4 14. f3 Bd7 15. Bxd7+
Qxd7 16. Nh3 1/2-1/2

[Event "19. Wch 2009 Veteranos"]
[Site "Condino ITA"]
[Date "2009.11.07"]
[Round "11.2"]
[White "Klovans, Janis"]
[Black "Butnorius, Algimantas"]
[Result "1/2-1/2"]
[WhiteElo "2408"]
[BlackElo "2433"]
[PlyCount "37"]
[EventDate "2009.10.27"]
[EventType "swiss"]
[EventRounds "11"]
[EventCountry "ITA"]
[Source "lmi"]
[SourceDate "2009.10.27"]

1. e4 e5 2. Nf3 Nc6 3. Bb5 a6 4. Ba4 Nf6 5. O-O Be7 6. Re1 b5 7. Bb3 d6 8. c3
O-O 9. h3 Nb8 10. d4 Nbd7 11. Nbd2 Bb7 12. Bc2 Re8 13. Nf1 Bf8 14. Ng3 g6 15.
b3 Bg7 16. Bb2 c6 17. a4 Qc7 18. Bd3 Qd8 19. Bc2 1/2-1/2

[Event "19. Wch 2009 Veteranos"]
[Site "Condino ITA"]
[Date "2009.11.07"]
[Round "11.3"]
[White "Chernikov, Oleg"]
[Black "Tseshkovsky, Vitaly"]
[Result "1/2-1/2"]
[WhiteElo "2405"]
[BlackElo "2549"]
[PlyCount "21"]
[EventDate "2009.10.27"]
[EventType "swiss"]
[EventRounds "11"]
[EventCountry "ITA"]
[Source "lmi"]
[SourceDate "2009.10.27"]

1. d4 Nf6 2. c4 g6 3. Nc3 d5 4. Nf3 Bg7 5. Bg5 Ne4 6. cxd5 Nxg5 7. Nxg5 e6 8.
Nf3 exd5 9. e3 O-O 10. Be2 a5 11. O-O 1/2-1/2

[Event "19. Wch 2009 Veteranos"]
[Site "Condino ITA"]
[Date "2009.11.07"]
[Round "11.6"]
[White "Kaufman, Larry C"]
[Black "Pushkov, Nikolai"]
[Result "1-0"]
[WhiteElo "2401"]
[BlackElo "2499"]
[PlyCount "51"]
[EventDate "2009.10.27"]
[EventType "swiss"]
[EventRounds "11"]
[EventCountry "ITA"]
[Source "lmi"]
[SourceDate "2009.10.27"]

1. d4 Nf6 2. c4 e6 3. Nc3 d5 4. cxd5 exd5 5. Bg5 Be7 6. e3 c6 7. Qc2 Nbd7 8.
Bd3 Nh5 9. Bxe7 Qxe7 10. O-O-O Nb6 11. h3 g6 12. Nf3 Be6 13. g4 Ng7 14. Kb1
O-O-O 15. Na4 Nxa4 16. Qxa4 Kb8 17. Rc1 h5 18. Ne5 hxg4 19. hxg4 Rxh1 20. Rxh1
Rc8 21. f4 Qf8 22. Qc2 c5 23. f5 gxf5 24. gxf5 cxd4 25. fxe6 Ka8 26. e7 1-0

[Event "19. Wch 2009 Veteranos"]
[Site "Condino ITA"]
[Date "2009.11.07"]
[Round "11.7"]
[White "Werner, Clemens"]
[Black "Rukavina, Josip"]
[Result "1/2-1/2"]
[WhiteElo "2339"]
[BlackElo "2435"]
[PlyCount "71"]
[EventDate "2009.10.27"]
[EventType "swiss"]
[EventRounds "11"]
[EventCountry "ITA"]
[Source "lmi"]
[SourceDate "2009.10.27"]

1. e4 d5 2. exd5 Qxd5 3. d4 Nc6 4. Nf3 e5 5. Nc3 Bb4 6. Bd2 Bxc3 7. Bxc3 exd4
8. Nxd4 Nxd4 9. Qxd4 Qxd4 10. Bxd4 Nf6 11. Bc4 Be6 12. Bxe6 fxe6 13. O-O-O Rd8
14. Be5 c6 15. Rhe1 Kf7 16. Bxf6 gxf6 17. Rxd8 Rxd8 18. Rd1 Rxd1+ 19. Kxd1 Kg6
20. Ke2 e5 21. Ke3 f5 22. f3 h5 23. a4 h4 24. g4 hxg3 25. hxg3 a5 26. Kd3 Kf6
27. Kc4 b6 28. Kd3 Ke6 29. Ke3 b5 30. b3 bxa4 31. bxa4 Kd6 32. Kd3 Ke6 33. Kc4
Kf6 34. Kd3 Kg5 35. Ke3 Kf6 36. Kd3 1/2-1/2

[Event "19. Wch 2009 Veteranos"]
[Site "Condino ITA"]
[Date "2009.11.07"]
[Round "11.8"]
[White "Kuindzhy, Alexander"]
[Black "Altshul, Raffael"]
[Result "1-0"]
[WhiteElo "2420"]
[BlackElo "2343"]
[PlyCount "55"]
[EventDate "2009.10.27"]
[EventType "swiss"]
[EventRounds "11"]
[EventCountry "ITA"]
[Source "lmi"]
[SourceDate "2009.10.27"]

1. d4 Nf6 2. c4 c5 3. d5 e5 4. Nc3 d6 5. e4 Be7 6. Nf3 a6 7. a4 Bg4 8. Be2 Bxf3
9. Bxf3 O-O 10. O-O Ne8 11. g3 Bg5 12. Bg2 Bxc1 13. Qxc1 Nd7 14. f4 exf4 15.
gxf4 Nef6 16. Ne2 Re8 17. Ng3 g6 18. Qc3 Ng4 19. Rae1 Qh4 20. h3 Nh6 21. e5
dxe5 22. fxe5 Qd4+ 23. Qxd4 cxd4 24. e6 Nc5 25. e7 a5 26. d6 f5 27. Re5 Nd7 28.
Rb5 1-0

[Event "19. Wch 2009 Veteranos"]
[Site "Condino ITA"]
[Date "2009.11.07"]
[Round "11.10"]
[White "Jakobsen, Ole"]
[Black "Tseitlin, Mark D"]
[Result "1/2-1/2"]
[WhiteElo "2344"]
[BlackElo "2394"]
[PlyCount "86"]
[EventDate "2009.10.27"]
[EventType "swiss"]
[EventRounds "11"]
[EventCountry "ITA"]
[Source "lmi"]
[SourceDate "2009.10.27"]

1. d4 Nf6 2. c4 g6 3. Nc3 d5 4. e3 Bg7 5. Qb3 e6 6. Qa3 Bf8 7. Qb3 Bg7 8. Qa3
Bf8 9. Qb3 c6 10. Nf3 Nbd7 11. Be2 Bd6 12. O-O O-O 13. Qc2 Re8 14. Bd2 a6 15.
Rfd1 b5 16. e4 b4 17. e5 bxc3 18. Bxc3 Be7 19. exf6 Bxf6 20. Qd2 a5 21. a4 dxc4
22. Bxc4 Nb6 23. Be2 Nd5 24. b4 axb4 25. Bxb4 Nxb4 26. Qxb4 Qa5 27. Qd6 Rd8 28.
Qf4 Qf5 29. Qe3 Bb7 30. Bd3 Qa5 31. Be4 Qc7 32. Rdc1 Ra5 33. Qc3 Rda8 34. Qc4
R8a7 35. h3 h5 36. Bxc6 Bxc6 37. Qxc6 Qxc6 38. Rxc6 Rxa4 39. Rxa4 Rxa4 40. d5
g5 41. dxe6 g4 42. hxg4 hxg4 43. exf7+ Kxf7 1/2-1/2

[Event "19. Wch 2009 Veteranos"]
[Site "Condino ITA"]
[Date "2009.11.07"]
[Round "11.11"]
[White "Van Riemsdijk, Herman C"]
[Black "Hvenekilde, Jorgen"]
[Result "1-0"]
[WhiteElo "2385"]
[BlackElo "2163"]
[PlyCount "61"]
[EventDate "2009.10.27"]
[EventType "swiss"]
[EventRounds "11"]
[EventCountry "ITA"]
[Source "lmi"]
[SourceDate "2009.10.27"]

1. e4 e5 2. Nf3 d6 3. d4 exd4 4. Qxd4 a6 5. Bf4 Nc6 6. Qd2 Nf6 7. Nc3 Be7 8. h3
Be6 9. Bd3 h6 10. O-O-O Nd7 11. Nd5 Nce5 12. Nxe7 Qxe7 13. Be2 Nxf3 14. gxf3
O-O-O 15. Be3 Nb8 16. Qc3 f6 17. h4 Qd7 18. Rhg1 Rhg8 19. f4 Qc6 20. Qb4 a5 21.
Qxa5 Qxe4 22. Bd3 Qc6 23. Bh7 b6 24. Qa3 Rh8 25. Bg6 Rd7 26. Rd3 Qb7 27. Re1
Re7 28. Bd2 Kd8 29. Rde3 Bf7 30. Rxe7 Bxg6 31. Qxd6+ 1-0

[Event "19. Wch 2009 Veteranos"]
[Site "Condino ITA"]
[Date "2009.11.07"]
[Round "11.12"]
[White "Plachetka, Jan"]
[Black "Buxade, Roca Guillermo"]
[Result "1/2-1/2"]
[WhiteElo "2378"]
[BlackElo "2175"]
[PlyCount "54"]
[EventDate "2009.10.27"]
[EventType "swiss"]
[EventRounds "11"]
[EventCountry "ITA"]
[Source "lmi"]
[SourceDate "2009.10.27"]

1. e4 c5 2. Nf3 Nc6 3. d4 cxd4 4. Nxd4 Nf6 5. Nc3 e5 6. Ndb5 d6 7. a4 a6 8. Na3
Be6 9. Bc4 Rc8 10. Bg5 Qc7 11. O-O Be7 12. Bxf6 Bxf6 13. Nd5 Bxd5 14. Bxd5 O-O
15. c3 Ne7 16. Ba2 Rfd8 17. Nc2 Qb6 18. Rb1 Qc6 19. Qh5 Rf8 20. Ne3 Qxa4 21.
Ra1 Qb5 22. Nd5 Nxd5 23. Bxd5 Rc7 24. Rab1 a5 25. Rfd1 g6 26. Qf3 Kg7 27. Ba2
Be7 1/2-1/2

[Event "19. Wch 2009 Veteranos"]
[Site "Condino ITA"]
[Date "2009.11.07"]
[Round "11.13"]
[White "Boehnisch, Manfred"]
[Black "Jorgensen, Jorgen"]
[Result "1/2-1/2"]
[WhiteElo "2366"]
[BlackElo "2315"]
[PlyCount "47"]
[EventDate "2009.10.27"]
[EventType "swiss"]
[EventRounds "11"]
[EventCountry "ITA"]
[Source "lmi"]
[SourceDate "2009.10.27"]

1. e4 Nf6 2. e5 Nd5 3. d4 d6 4. c4 Nb6 5. exd6 exd6 6. Nc3 Be7 7. Bd3 Nc6 8.
Nge2 O-O 9. O-O Re8 10. b3 Bf6 11. Be3 Bg4 12. Qd2 Bxe2 13. Bxe2 d5 14. c5 Nc8
15. Rfe1 N8e7 16. Bf3 b6 17. cxb6 axb6 18. Nb5 Na7 19. Nxa7 Rxa7 20. Rac1 Nf5
21. a4 Nxe3 22. Rxe3 Rxe3 23. fxe3 Qd6 24. Kh1 1/2-1/2

[Event "19. Wch 2009 Veteranos"]
[Site "Condino ITA"]
[Date "2009.11.07"]
[Round "11.15"]
[White "Onoprienko, Vladimir"]
[Black "Vasiukov, Evgeni"]
[Result "1-0"]
[WhiteElo "2324"]
[BlackElo "2485"]
[PlyCount "59"]
[EventDate "2009.10.27"]
[EventType "swiss"]
[EventRounds "11"]
[EventCountry "ITA"]
[Source "lmi"]
[SourceDate "2009.10.27"]

1. e4 Nf6 2. e5 Nd5 3. d4 d6 4. Bc4 Nb6 5. Bb3 dxe5 6. Qf3 e6 7. dxe5 a5 8. a4
N8d7 9. Qg3 Nc5 10. Nc3 c6 11. Be3 Nxb3 12. cxb3 Nd5 13. Rd1 b6 14. Nge2 Ba6
15. O-O Qc7 16. Rfe1 O-O-O 17. Nxd5 Rxd5 18. Rxd5 exd5 19. Nd4 g6 20. Bf4 Qd7
21. e6 fxe6 22. Rxe6 Bb7 23. Qh3 Kd8 24. Qg4 Be7 25. Qe2 Re8 26. Qe5 Kc8 27. h4
h6 28. Rxg6 Bb4 29. Ne6 Rxe6 30. Rxe6 1-0

[Event "19. Wch 2009 Veteranos"]
[Site "Condino ITA"]
[Date "2009.11.07"]
[Round "11.16"]
[White "Sawadkuhi, Massoud Amir"]
[Black "Malisov, Boris"]
[Result "0-1"]
[WhiteElo "2228"]
[BlackElo "2377"]
[PlyCount "108"]
[EventDate "2009.10.27"]
[EventType "swiss"]
[EventRounds "11"]
[EventCountry "ITA"]
[Source "lmi"]
[SourceDate "2009.10.27"]

1. e4 c6 2. d4 d5 3. Nd2 g6 4. Bd3 Bg7 5. c3 Nh6 6. h4 Nd7 7. Ngf3 Nf6 8. e5
Nh5 9. Nf1 f6 10. Qc2 Ng4 11. N1h2 Nxh2 12. Rxh2 O-O 13. exf6 exf6 14. Be3 Bg4
15. O-O-O Qd6 16. Rhh1 Rae8 17. Rdg1 Bxf3 18. gxf3 f5 19. Qd1 Kh8 20. Kb1 b5
21. Qc1 Rf7 22. Re1 Rfe7 23. Bg5 Bf6 24. f4 Bxg5 25. fxg5 Qf4 26. Rxe7 Rxe7 27.
Re1 Qxc1+ 28. Rxc1 Nf4 29. Bf1 h6 30. Kc2 hxg5 31. hxg5 Kg8 32. a4 bxa4 33. Ra1
Ne6 34. Rxa4 Nxg5 35. Ra6 Rc7 36. Bg2 Kf7 37. b4 f4 38. c4 f3 39. Bf1 Ne4 40.
Ra3 Ng5 41. c5 Rb7 42. b5 cxb5 43. c6 Rc7 44. Bxb5 Ke6 45. Kd2 Kd6 46. Ra6 Ne6
47. Ke3 g5 48. Ra1 Re7 49. Rb1 g4 50. Kd3 Nf4+ 51. Kd2 Ne2 52. Kd3 Re4 53. Ra1
Nxd4 54. Ba4 Ne6 0-1

[Event "19. Wch 2009 Veteranos"]
[Site "Condino ITA"]
[Date "2009.11.07"]
[Round "11.20"]
[White "Rosino, Antonio"]
[Black "Wahlbom, Magnus"]
[Result "1/2-1/2"]
[WhiteElo "2229"]
[BlackElo "2318"]
[PlyCount "37"]
[EventDate "2009.10.27"]
[EventType "swiss"]
[EventRounds "11"]
[EventCountry "ITA"]
[Source "lmi"]
[SourceDate "2009.10.27"]

1. e4 e6 2. d4 d5 3. Nc3 Bb4 4. e5 Ne7 5. a3 Bxc3+ 6. bxc3 c5 7. Qg4 O-O 8. Bd3
f5 9. exf6 Rxf6 10. Bg5 Rf7 11. Qh4 h6 12. Bxe7 Rxe7 13. Nf3 Nc6 14. O-O c4 15.
Bg6 Qf8 16. Rfe1 Qf6 17. Qg3 Bd7 18. Ne5 Be8 19. Bxe8 1/2-1/2

[Event "19. Wch 2009 Veteranos"]
[Site "Condino ITA"]
[Date "2009.11.07"]
[Round "11.21"]
[White "Vogel, Jaap"]
[Black "Sloth, Jorn"]
[Result "1/2-1/2"]
[WhiteElo "2213"]
[BlackElo "2312"]
[PlyCount "45"]
[EventDate "2009.10.27"]
[EventType "swiss"]
[EventRounds "11"]
[EventCountry "ITA"]
[Source "lmi"]
[SourceDate "2009.10.27"]

1. d4 Nf6 2. c4 e6 3. Nf3 Bb4+ 4. Bd2 a5 5. Nc3 b6 6. g3 Ba6 7. b3 Bb7 8. Bg2
Ne4 9. Nxe4 Bxe4 10. a3 Be7 11. O-O O-O 12. Bc3 Bf6 13. Ne5 Bxg2 14. Kxg2 c5
15. e3 d5 16. Qf3 Bxe5 17. dxe5 Ra7 18. Rfd1 Rd7 19. b4 cxb4 20. axb4 Qc7 21.
bxa5 Qxc4 22. Bd4 bxa5 23. Rxa5 1/2-1/2

[Event "19. Wch 2009 Veteranos"]
[Site "Condino ITA"]
[Date "2009.11.07"]
[Round "11.22"]
[White "Arkhangelsky, Boris"]
[Black "Zoltek, Tadeusz"]
[Result "1/2-1/2"]
[WhiteElo "2292"]
[BlackElo "2214"]
[PlyCount "52"]
[EventDate "2009.10.27"]
[EventType "swiss"]
[EventRounds "11"]
[EventCountry "ITA"]
[Source "lmi"]
[SourceDate "2009.10.27"]

1. d4 Nf6 2. Nf3 g6 3. c4 c5 4. Nc3 Bg7 5. e4 cxd4 6. Nxd4 d6 7. Be2 Nc6 8. Be3
Ng4 9. Bxg4 Bxg4 10. Qd2 Bd7 11. O-O O-O 12. Rac1 a6 13. Nde2 b5 14. c5 dxc5
15. Bxc5 Be6 16. Qe3 Bc4 17. Rfd1 Qb8 18. b3 Bxe2 19. Qxe2 Qb7 20. Nd5 Rfe8 21.
Be3 e6 22. Nf4 Rad8 23. f3 h5 24. Qf2 Rxd1+ 25. Rxd1 Rd8 26. Rxd8+ Nxd8 1/2-1/2

[Event "19. Wch 2009 Veteranos"]
[Site "Condino ITA"]
[Date "2009.11.07"]
[Round "11.23"]
[White "Wittmann, Walter"]
[Black "Olesen, Poul Erik Norgaard"]
[Result "1-0"]
[WhiteElo "2291"]
[BlackElo "2060"]
[PlyCount "89"]
[EventDate "2009.10.27"]
[EventType "swiss"]
[EventRounds "11"]
[EventCountry "ITA"]
[Source "lmi"]
[SourceDate "2009.10.27"]

1. e4 d6 2. d4 Nf6 3. Nc3 g6 4. f4 Bg7 5. Nf3 O-O 6. e5 Nfd7 7. Bc4 Nb6 8. Be2
c6 9. O-O Qc7 10. Be3 a5 11. a3 Be6 12. Ng5 Bc4 13. b3 Bxe2 14. Nxe2 Na6 15. c4
a4 16. Nc3 h6 17. Nf3 axb3 18. Qxb3 Nd7 19. Rfe1 Rfe8 20. h3 dxe5 21. fxe5 c5
22. Nb5 Qb8 23. Rab1 cxd4 24. Bxd4 Nac5 25. Qe3 b6 26. Bc3 Ra4 27. Bb4 Kh7 28.
Rbd1 Qc8 29. Qf4 Kg8 30. Qd2 Nf8 31. Nc3 Ra6 32. Nd5 Nfe6 33. Qe3 Kh7 34. Nd4
Nxd4 35. Rxd4 Ne6 36. Re4 Qb7 37. Rf1 Kg8 38. Qf2 Ng5 39. Ree1 e6 40. Nc3 Qc7
41. Nb5 Qxc4 42. Nd6 Qc6 43. h4 Bf8 44. Nxe8 Bxb4 45. axb4 1-0

[Event "19. Wch 2009 Veteranos"]
[Site "Condino ITA"]
[Date "2009.11.07"]
[Round "11.24"]
[White "Grinberg, Iosif P"]
[Black "Vrhovnik, Damir"]
[Result "0-1"]
[WhiteElo "2282"]
[BlackElo "2045"]
[PlyCount "100"]
[EventDate "2009.10.27"]
[EventType "swiss"]
[EventRounds "11"]
[EventCountry "ITA"]
[Source "lmi"]
[SourceDate "2009.10.27"]

1. e4 c5 2. Nf3 d6 3. d4 cxd4 4. Nxd4 Nf6 5. Nc3 g6 6. Be3 Bg7 7. f3 Nc6 8. Qd2
O-O 9. O-O-O Bd7 10. g4 Ne5 11. g5 Nh5 12. f4 Nc6 13. Qf2 Rc8 14. f5 Ne5 15.
Be2 Rxc3 16. bxc3 Qa5 17. f6 exf6 18. Nb3 Qxa2 19. Kd2 Qa4 20. Bd4 fxg5 21. Ra1
Qc6 22. Bxh5 gxh5 23. Rhe1 g4 24. Kc1 b6 25. Rxa7 Ra8 26. Rxa8+ Qxa8 27. Bxe5
Bxe5 28. Nd4 Qd8 29. Rf1 Qe7 30. Kb2 Kg7 31. Nf5+ Bxf5 32. Qxf5 Qf6 33. Qxh5
Qg6 34. Qh4 Qxe4 35. Qg5+ Qg6 36. Qe3 h5 37. Qe1 b5 38. Kb3 Bxh2 39. Qh4 Be5
40. Rh1 g3 41. Rg1 Qg4 42. Qxg4+ hxg4 43. c4 bxc4+ 44. Kxc4 Kf6 45. Kd3 Kg5 46.
Ke2 f5 47. c4 f4 48. Rd1 f3+ 49. Kf1 Kf4 50. Rd3 Ke4 0-1

[Event "19. Wch 2009 Veteranos"]
[Site "Condino ITA"]
[Date "2009.11.07"]
[Round "11.25"]
[White "Malmdin, Nils-Ake"]
[Black "Nickl, Klaus"]
[Result "1/2-1/2"]
[WhiteElo "2282"]
[BlackElo "2151"]
[PlyCount "38"]
[EventDate "2009.10.27"]
[EventType "swiss"]
[EventRounds "11"]
[EventCountry "ITA"]
[Source "lmi"]
[SourceDate "2009.10.27"]

1. e4 e6 2. d3 d5 3. Nd2 c5 4. Ngf3 Nc6 5. g3 g6 6. Bg2 Bg7 7. O-O Nge7 8. Re1
b6 9. Qe2 O-O 10. e5 a5 11. h4 Ba6 12. c3 b5 13. Nf1 b4 14. N1h2 Kh8 15. Ng4 a4
16. Bg5 a3 17. c4 axb2 18. Rab1 Ra7 19. Rxb2 Qc7 1/2-1/2

[Event "19. Wch 2009 Veteranos"]
[Site "Condino ITA"]
[Date "2009.11.07"]
[Round "11.27"]
[White "Bondick, Karl-Heinz"]
[Black "Rooze, Jan"]
[Result "0-1"]
[WhiteElo "2171"]
[BlackElo "2253"]
[PlyCount "80"]
[EventDate "2009.10.27"]
[EventType "swiss"]
[EventRounds "11"]
[EventCountry "ITA"]
[Source "lmi"]
[SourceDate "2009.10.27"]

1. e4 c5 2. Nf3 e6 3. Nc3 Nc6 4. Bb5 Nd4 5. a4 a6 6. Bc4 Nf6 7. d3 d5 8. Ba2
Nxf3+ 9. Qxf3 d4 10. e5 Nd7 11. Ne4 Nxe5 12. Qg3 Ng6 13. h4 h5 14. Bg5 Be7 15.
f4 b6 16. O-O Kf8 17. Rae1 Ra7 18. Re2 Qc7 19. Rfe1 Bxg5 20. Qxg5 Ne7 21. Nf6
Rh6 22. Nxh5 Rg6 23. Qe5 Qxe5 24. Rxe5 Nf5 25. Kf2 Ne3 26. Rg5 Rxg5 27. hxg5
Nxc2 28. Re5 Nb4 29. Bb1 a5 30. g4 Bd7 31. b3 Bc8 32. Ng3 Re7 33. Re1 Nd5 34.
f5 exf5 35. gxf5 Rxe1 36. Kxe1 f6 37. gxf6 gxf6 38. Bc2 Ne3 39. Bd1 Bxf5 40.
Kd2 Be6 0-1